5HLuxD.jpg

KING HENRY VIII SENIOR AND PRIMARY SCHOOL LIBRARY OPAC

Ship breaker / (Record no. 64)

000 -LEADER
fixed length control field 01571cam a2200421Ka 4500
001 - CONTROL NUMBER
control field 755494249
003 - CONTROL NUMBER IDENTIFIER
control field OCoLC
005 - DATE AND TIME OF LATEST TRANSACTION
control field 20190724151457.0
008 - FIXED-LENGTH DATA ELEMENTS--GENERAL INFORMATION
fixed length control field 111003r20112010nyu d 000 1 eng
020 ## - INTERNATIONAL STANDARD BOOK NUMBER
International Standard Book Number 9780316056199 (pbk.)
020 ## - INTERNATIONAL STANDARD BOOK NUMBER
International Standard Book Number 0316056197 (pbk.)
035 ## - SYSTEM CONTROL NUMBER
System control number (OCoLC)755494249
040 ## - CATALOGING SOURCE
Original cataloging agency GK9
Transcribing agency GK9
Modifying agency EUF
-- NYP
049 ## - LOCAL HOLDINGS (OCLC)
Holding library NYPP
082 ## - DEWEY DECIMAL CLASSIFICATION NUMBER
Classification number FIC BAC
091 ## - MICROFILM SHELF LOCATION (AM) [OBSOLETE]
Microfilm shelf location FIC
100 1# - MAIN ENTRY--PERSONAL NAME
Personal name Bacigalupi, Paolo.
Relator term author
245 10 - TITLE STATEMENT
Title Ship breaker /
Statement of responsibility, etc. by Paolo Bacigalupi.
250 ## - EDITION STATEMENT
Edition statement 1st ed.
260 ## - PUBLICATION, DISTRIBUTION, ETC.
Place of publication, distribution, etc. New York :
Name of publisher, distributor, etc. Little, Brown,
Date of publication, distribution, etc. 2011.
300 ## - PHYSICAL DESCRIPTION
Extent 326, [14] p. ;
Dimensions 21 cm.
500 ## - GENERAL NOTE
General note Includes sneak preview of The Drowned Cities, a companion novel to Ship Breaker.
500 ## - GENERAL NOTE
General note First published in hardcover in May 2010 by Little, Brown and Company.
520 ## - SUMMARY, ETC.
Summary, etc. In a futuristic world, teenaged Nailer scavenges copper wiring from grounded oil tankers for a living, but when he finds a beached clipper ship with a girl in the wreckage, he has to decide if he should strip the ship for its wealth or rescue the girl.
586 8# - AWARDS NOTE
Awards note Junior Library Guild selection.
586 ## - AWARDS NOTE
Awards note National Book Award Honor for Young People's Literature, 2010.
586 ## - AWARDS NOTE
Awards note Michael L. Printz Award, 2011.
650 #0 - SUBJECT ADDED ENTRY--TOPICAL TERM
Topical term or geographic name entry element Conduct of life
Form subdivision Fiction.
655 #7 - INDEX TERM--GENRE/FORM
Genre/form data or focus term Science fiction.
Source of term lcgft.
655 #7 - INDEX TERM--GENRE/FORM
Genre/form data or focus term Young adult fiction.
Source of term lcsh.
901 ## - LOCAL DATA ELEMENT A, LDA (RLIN)
a ika
b CMC
c CATBL
901 ## - LOCAL DATA ELEMENT A, LDA (RLIN)
a MARS
901 ## - LOCAL DATA ELEMENT A, LDA (RLIN)
a cyc
b CATBL
n call# changed from FIC B to FIC BACIGALUPI, 5/1/2019
908 #4 - PUT COMMAND PARAMETER (RLIN)
Put command parameter PZ7.B132185
942 ## - ADDED ENTRY ELEMENTS (KOHA)
Source of classification or shelving scheme
Koha item type Books - Fiction
945 ## - LOCAL PROCESSING INFORMATION (OCLC)
a .b194733890
946 ## - LOCAL PROCESSING INFORMATION (OCLC)
a m
Holdings
Withdrawn status Lost status Source of classification or shelving scheme Damaged status Not for loan Collection code Permanent Location Current Location Shelving location Date acquired Total Checkouts Full call number Barcode Date last seen Date last checked out Price effective from Koha item type
          Fiction KH8 Senior School Library KH8 Senior School Library Fiction 2019-07-24 2 FIC BAC 3KHSL000101186 2024-07-16 2020-02-21 2019-07-24 Books - Fiction

Powered By KH8 IT Dept